MLB The Show 23 Highest Rated Players - Statistics

General Stats
  • This quiz has been taken 2,483 times
  • The average score is 19 of 33
Answer Stats
Answer Team Overall % Correct
Aaron Judge Yankees 99
99%
Mike Trout Angels 99
99%
Shohei Ohtani Angels 99
96%
Bryce Harper Phillies 95
82%
Mookie Betts Dodgers 96
81%
Ronald Acuna Jr. Braves 92
81%
Jacob DeGrom Rangers 99
80%
Paul Goldschmidt Cardinals 99
77%
Nolan Arenado Cardinals 96
75%
Jose Altuve Astros 93
70%
Pete Alonso Mets 90
69%
Max Scherzer Mets 96
67%
Jose Ramirez Guardians 94
66%
Manny Machado Padres 95
65%
Justin Verlander Mets 98
63%
Corbin Burnes Brewers 95
58%
Yordan Alvarez Astros 94
57%
Trea Turner Phillies 92
54%
Spencer Strider Braves 94
53%
Clayton Kershaw Dodgers 91
50%
Aaron Nola Phillies 91
47%
Byron Buxton Twins 93
46%
Edwin Diaz Mets 92
45%
Austin Riley Braves 93
44%
Zack Wheeler Phillies 90
44%
Max Fried Braves 90
37%
Kyle Tucker Astros 90
35%
J.T. Realmuto Phillies 90
34%
Sandy Alcantara Marlins 90
32%
Emmanuel Clase Guardians 93
30%
Shane Mclanahan Rays 93
30%
Carlos Rodon Yankees 93
22%
Evan Phillips Dodgers 90
8%
No matching quizzes found
Score Distribution
Percent of People with Each Score
Percentile by Number Answered
Your Score History
You have not taken this quiz